Draping: (Record no. 9940)
[ view plain ]
| 000 -LEADER | |
|---|---|
| fixed length control field | 01165nam a22002297a 4500 |
| 005 - ΗΜΕΡΟΜΗΝΙΑ ΚΑΙ ΩΡΑ ΤΕΛΕΥΤΑΙΑΣ ΕΝΗΜΕΡΩΣΗΣ | |
| Πεδίο ελέγχου | 20250916112430.0 |
| 006 - FIXED-LENGTH DATA ELEMENTS--ADDITIONAL MATERIAL CHARACTERISTICS | |
| Πεδίο ελέγχου σταθερού μήκους | a|||||r||||||||||| |
| 008 - FIXED-LENGTH DATA ELEMENTS--GENERAL INFORMATION | |
| Πεδίο ελέγχου σταθερού μήκους | 250916s |||a|||| |||| 00| ||gre d |
| 020 ## - ISBN | |
| ISBN | 9789491444210 |
| 040 ## - ΠΗΓΗ ΚΑΤΑΛΟΓΟΓΡΑΦΗΣΗΣ | |
| Φορέας πρωτότυπης καταλογογράφησης | MC Athens Campus Library |
| Γλώσσα καταλογογράφησης | Ελληνικά, Μοντέρνα (1453-) |
| Modifying agency | MC Athens Campus Library |
| Κανόνες περιγραφικής καταλογογράφησης | AACR2 |
| 100 ## - MAIN ENTRY--PERSONAL NAME | |
| Personal name | Duburg, Annette |
| 9 (RLIN) | 10124 |
| 245 10 - ΤΙΤΛΟΣ ΚΑΙ ΔΗΛΩΣΗ ΥΠΕΥΘΥΝΟΤΗΤΑΣ | |
| Τίτλος | Draping: |
| Remainder of title | art and craftsmanship in fashion design/ |
| Statement of responsibility, etc. | Annette Duburg, Rixt van der Tol. |
| 250 ## - EDITION STATEMENT | |
| Edition statement | 6 ed. |
| 260 ## - PUBLICATION, DISTRIBUTION, ETC. | |
| Place of publication, distribution, etc. | Arnhem: |
| Name of publisher, distributor, etc. | ArtEZ Press, |
| Date of publication, distribution, etc. | 2022 |
| 300 ## - PHYSICAL DESCRIPTION | |
| Extent | 245 p.: |
| Other physical details | ill.; |
| Διαστάσεις | 30 cm. |
| 520 ## - SUMMARY, ETC. | |
| Summary, etc. | This book is an manual that opens up an area that functions as an interesting, supplementary design niche within today's fashion design. Collected by two Dutch experts in this craftsmanship: Annette Duburg and Rixt van der Tol. It includes the historical context of draping, contemporary examples by fashion designers, a large section on all aspects of draping (of all clothing components on the most common variations) and the use of draping by well-known fashion designers from 1900 to the present day. |
| 650 #0 - SUBJECT ADDED ENTRY--TOPICAL TERM | |
| Topical term or geographic name entry element | Fashion |
| 9 (RLIN) | 9926 |
| 650 #0 - SUBJECT ADDED ENTRY--TOPICAL TERM | |
| Topical term or geographic name entry element | Fashion design |
| 9 (RLIN) | 10081 |
| 700 ## - ΠΡΟΣΘΕΤΗ ΑΝΑΓΡΑΦΗ--ΦΥΣΙΚΟ ΠΡΟΣΩΠΟ | |
| Personal name | Tol, Rixt van der |
| 9 (RLIN) | 10125 |
| 942 ## - ADDED ENTRY ELEMENTS (KOHA) | |
| Koha item type | Books |
| Τύπος τεκμηρίου | Βιβλιοθήκη | Τρέχουσα τοποθεσία | Barcode | Αριθμός εισαγωγής | Ημερομηνία απόκτησης | Ταξιθετικό σύμβολο | Αριθμός αντιτύπου | Κατάσταση απόσυρσης | Κατάσταση χαμένου | Κατάσταση κατεστραμμένου | Μη δανεισμός | Σύνολο δανεισμών | Ημερομηνία τελευταίας εμφάνισης | Η τιμή ισχύει από |
|---|---|---|---|---|---|---|---|---|---|---|---|---|---|---|
| Books | MC Athens Campus Library | MC Athens Campus Library | 9780000099112 | 8063 | 16/09/2025 | 687.12 DUB | 1 | 16/09/2025 | 16/09/2025 |